Statistics for Houston Rockets: Most 3-PT FGs Each Year

Click here to take the quiz!

General Stats

  • This quiz has been taken 248 times
    (73 since last reset)
  • The average score is 17 of 44

Answer Stats

YearPlayer3-PT FGs% Correct
2019-2020James Harden299
100%
2018-2019James Harden378
100%
2017-2018James Harden265
100%
2016-2017James Harden262
100%
2015-2016James Harden236
100%
2014-2015James Harden208
100%
2013-2014James Harden177
100%
2012-2013James Harden179
100%
2022-2023Jalen Green187
79%
2021-2022Jalen Green157
79%
2004-2005Tracy McGrady142
76%
1999-2000Steve Francis107
60%
2000-2001Steve Francis133
60%
1992-1993Vernon Maxwell120
38%
1993-1994Vernon Maxwell120
38%
1994-1995Vernon Maxwell143
38%
1991-1992Vernon Maxwell162
38%
1990-1991Vernon Maxwell172
38%
1995-1996Robert Horry142
37%
1980-1981Rudy Tomjanovich12
26%
2009-2010Aaron Brooks209
25%
2003-2004Cuttino Mobley164
24%
2001-2002Cuttino Mobley149
24%
2002-2003Cuttino Mobley112
24%
2010-2011Kevin Martin176
21%
1998-1999Scottie Pippen72
21%
1988-1989Sleepy Floyd109
15%
1989-1990Sleepy Floyd89
15%
2007-2008Rafer Alston143
13%
2006-2007Rafer Alston192
13%
2008-2009Ron Artest153
13%
1986-1987Robert Reid53
12%
1987-1988Allen Leavell19
10%
1983-1984Allen Leavell11
10%
1982-1983Allen Leavell42
10%
1985-1986John Lucas45
10%
1984-1985John Lucas21
10%
2005-2006Luther Head113
10%
1979-1980Rick Barry73
10%
1996-1997Matt Maloney154
9%
1997-1998Matt Maloney126
9%
2020-2021Sterling Brown91
9%
2011-2012Chase Budinger88
4%
1981-1982Mike Dunleavy33
3%

Score Distribution

Percentile by Number Answered

Percent of People with Each Score

Your Score History

You have not taken this quiz since the last reset